| 000 | 00654nam a22001695i 4500 | ||
|---|---|---|---|
| 001 | 152523 | ||
| 003 | ES-MaACL | ||
| 005 | 20230906204759.0 | ||
| 008 | 051017s1821 sp | |||||||| ||spa d | ||
| 040 |
_aCAM _bspa _cCAM |
||
| 080 | _a821.133.1-34"18" | ||
| 100 | 1 |
_aBouilly, Jean Nicolas. _930886 |
|
| 245 | 1 | 0 |
_aCuentos a mi hija / _cpor J.N. Bouilly; obra traducida de la sexta edicion por P.F. y C. |
| 260 |
_aMadrid : _b[s.n.], _c1821 ( _fImprenta, calle de la Greda, รก cargo de su regente Cosme Martinez) |
||
| 300 |
_a2 v. ([16], 244; 288 p.) ; _c15 cm. |
||
| 852 |
_aES-MaACL _jD-3860 _z-- Enc. hol. _z-- Legado M. de la Fuente _z-- 2 t. en 1 v. |
||
| 999 |
_c152523 _d152523 |
||